000 00658cam a2200181 4500500
005 20260329020359.0
041 _afre
042 _adc
100 1 0 _aBanégas, Frédéric
_eauthor
700 1 0 _aChabrand, Patrick
_eauthor
700 1 0 _aCombes, Christèle
_eauthor
700 1 0 _aLagarce, Frédéric
_eauthor
700 1 0 _aLemoine, Thierry
_eauthor
700 1 0 _aSalgues, Bruno
_eauthor
245 0 0 _aImagerie médicale – Thérapies par ondes
260 _bTechniques de l'ingénieur,
_c2025.
856 4 1 _uhttps://stm.cairn.info/techniques-de-l-ingenieur-imagerie-medicale-–-therapies-par-ondes--42607210?lang=fr&redirect-ssocas=7080
999 _c1905784
_d1905784